00474 a2200169 450000100060000002000180000604000370002410000180006124000300007924500250010930000080013436200090014265000240015194200070017595201050018299900170028775690 a9788560075171 cAnchieta - Colégio São Paulo aSilva, Ailezz10aZelinha me contou...lpor10aZelinha me contou... a1090 a2008 4aLiteratura infantil cBK 00104070a88.1b88.1d2023-11-22l0oLI 028.5 S586zp7447/CSPr2023-11-22 14:33:17w2023-11-22yBK c75690d75690